1996-1997 Super Rugby Finals - Blues Starting XVs - Statistics

General Stats
  • This quiz has been taken 80 times
  • The average score is 13 of 19
Answer Stats
Answer % Correct
Carlos Spencer
98%
Jonah Lomu
91%
Zinzan Brooke
90%
Michael Jones
88%
Robin Brooke
88%
Sean Fitzpatrick
88%
Olo Brown
86%
Craig Dowd
84%
Joeli Vidiri
84%
Eroni Clarke
83%
Ofisa Tonu'u
83%
Adrian Cashmore
81%
Mark Carter
69%
Andrew Blowers
64%
Lee Stensness
62%
Charles Reichelmann
34%
Brian Lima
31%
John Ngauamo
21%
Leo Lafaiali'i
17%
No matching quizzes found
Score Distribution
Percent of People with Each Score
Percentile by Number Answered
Your Score History
You have not taken this quiz